| 000 | 00583cam a22002171 4500 | ||
|---|---|---|---|
| 001 | sa 66004597 | ||
| 003 | DLC | ||
| 005 | 20260227112243.0 | ||
| 008 | 890114q io a 000 0 ind | ||
| 010 | _asa 66004597 | ||
| 035 | _a(OCoLC)23556727 | ||
| 040 |
_aDLC _cMiU _dDLC |
||
| 042 | _apremarc | ||
| 043 | _aa-io--- | ||
| 050 | 0 | 0 |
_aHV8253.A2 _bS83 |
| 100 | 0 |
_aSoekarno, _d1901-1970. |
|
| 245 | 1 | 0 | _aSeluruh rakjat adalah bhayangkara revolusi! |
| 260 |
_a[Djakarta] _bDepartemen Penerangan _c[cover 1964] |
||
| 300 |
_a10 p. _billus. _c20 cm. |
||
| 650 | 0 |
_aPolice _zIndonesia. |
|
| 999 |
_c69505 _d69505 |
||